000 01043nam a2200241 a 4500
001 BRCA_8743
005 20190320210404.0
008 240217s1753----sp-#######---#000-0#spa-#
041 _aspa
044 _asp
084 _aBE101
_p.F45 1753
100 1 _aFeijóo, Benito Geronymo
_d1676 - 1764
_921772
245 1 0 _aTheatro critico universal, ó discursos varios en todo genero de materias, para desengaño de errores comunes
_cescrito por el M.R. Padre Maestro Fr. Benito Geronymo Feijoó...
260 _aMadrid
_bEn la Oficina de Antonio Pérez de Soto
_c1753
300 _a[46], 420 p. (t.6), 4ta imp.
_c20.5 x 15 cm.
500 _aCon privilegio
500 _aEn portada: Dedicado al eminentissimo, y reverendissimo señor Cardenal de Molina, &c.
500 _aEstado físico: presenta encuadernación en pergamino y desprendida; con algunas hojas manchadas, carece de cintas y presencia del pez de plata
650 1 4 _aEspañol drama
_921773
700 1 _aPerez de Soto, Antonio
_eImpresor
_921774
902 _aCFM
942 _2lcc
_cB
999 _c8395
_d8395